Historia de las doctrinas sociales en la Europa contemporánea / (Record no. 90150)

MARC details
000 -LEADER
campo de control de longitud fija 00752nam a2200217 i 4500
001 - NÚMERO DE CONTROL
campo de control 90150
003 - IDENTIFICADOR DE NÚMERO DE CONTROL
campo de control ES-MaACL
005 - FECHA Y HORA DE LA ÚLTIMA TRANSACCIÓN
campo de control 20250928131015.0
007 - CAMPO FIJO DE DESCRIPCIÓN FÍSICA--INFORMACIÓN GENERAL
campo de control de longitud fija t|
008 - DATOS DE LONGITUD FIJA--INFORMACIÓN GENERAL
campo de control de longitud fija 050118s1964 sp ||||1| spa d
100 1# - ENTRADA PRINCIPAL--NOMBRE DE PERSONA
Nombre de persona Lefranc, Georges.
9 (RLIN) 71253
245 10 - MENCIÓN DEL TÍTULO
Título Historia de las doctrinas sociales en la Europa contemporánea /
Mención de responsabilidad, etc. Georges Lefranc ; prólogo por Manuel Alonso García ; [versión de María Antonia Pelauzy].
260 ## - PUBLICACIÓN, DISTRIBUCIÓN, ETC.
Lugar de publicación, distribución, etc. Barcelona :
Nombre del editor, distribuidor, etc. Ariel,
Fecha de publicación, distribución, etc. [1964]
300 ## - DESCRIPCIÓN FÍSICA
Extensión 456 p. ;
Dimensiones 20 cm.
650 04 - PUNTO DE ACCESO ADICIONAL DE MATERIA--TÉRMINO DE MATERIA
Término de materia o nombre geográfico como elemento de entrada Economía-
Subdivisión cronológica S.XIX.
9 (RLIN) 12014
650 04 - PUNTO DE ACCESO ADICIONAL DE MATERIA--TÉRMINO DE MATERIA
Término de materia o nombre geográfico como elemento de entrada Economía-
Subdivisión cronológica S.XX.
9 (RLIN) 12017
700 1# - ENTRADA AGREGADA--NOMBRE PERSONAL
Nombre de persona Alonso García, Manuel,
Fechas asociadas al nombre 1926-1988
9 (RLIN) 20324
700 1# - ENTRADA AGREGADA--NOMBRE PERSONAL
Nombre de persona Pelauzy, María Antonia.
9 (RLIN) 90020
852 ## - LOCALIZACIÓN
Ubicación ES-MaACL
Número de control de estantería E-5678
Sublocalización o colección R.90221
Holdings
Estatus retirado Estado de pérdida Estado de daño No para préstamo Biblioteca de origen Biblioteca actual Ubicación en estantería Fecha de adquisición Fuente de adquisición Total de préstamos Signatura topográfica completa Código de barras Visto por última vez Precio de reemplazo Tipo de ítem Koha
        Biblioteca del Ateneo de Madrid Biblioteca del Ateneo de Madrid Depósito 2 17/01/2008     E-5678 1094143 23/02/2023 23/02/2023 Libro impreso